000 00968cam a2200265 i 4500
999 _c25269
_d25269
001 25269
003 Mx-PuUPA
005 20191008155425.0
008 140415s1999 ilua r 000 0 eng d
020 _a9780930304959
040 _aMx-PuUPA
_bspa
_cMx-PuUPA
_dMx-PuUPA
_erda
041 0 _aeng
245 1 0 _aHistologic preparations :
_bcommon problems and their solutions /
_cRichard W. Brown editor [y otros seis]
264 4 _aIllinois :
_bCollege of America Pathologists,
_bNational Society for Histotechnology,
_c©2009
300 _axi, 156 páginas :
_bilustraciones ;
_c28 cm.
336 _atexto
_2rdacontent
_btxt
337 _asin medio
_2rdamedia
_bn
338 _avolumen
_2rdacarrier
_bnc
650 4 _aHIstología
700 1 _aBrown, Richard W.,
_eeditor
942 _2ddc
_cLI
_h611.018
_iH673